000 00495nam a2200181Ia 4500
001 9418
005 20260306161717.0
008 260306t2009||||xx |||||||||||||| ||spa||
041 _aESP
082 _a378.85
_bS26
100 _aSarmiento Gutiérrez, Julio
_eAUT
245 0 _aHistoria de la universidad nacional de Cajamarca (1962-2008):
_ben la senda del nuevo milenio
260 _c2009
300 _a273 páginas :
_c24 cm.
650 _aGEN
654 _aCED
942 _cLIB
_dJUS
_fJUS
_2ddc
_n
999 _c9418
_d9418